En pos de la quimera. Reflexiones sobre el experimento constitucional atlántico.
Saved in:
| Main Author: | |
|---|---|
| Format: | Unknown |
| Language: | English |
| Published: |
México, D.F., México:
Centro de Investigación y Docencia Económicas (CIDE); Fondo de Cultura Económica,
2000.
|
| Edition: | Primera edición. |
| Series: | Sección de Obras de Historia.
|
| Subjects: | |
| Tags: |
Add Tag
No Tags, Be the first to tag this record!
|
MARC
| LEADER | 00000 a2200000 4500 | ||
|---|---|---|---|
| 003 | CL-VaPUC | ||
| 005 | 20250313084805.0 | ||
| 008 | 250120t2000 ||||| |||| 00| 0 eng d | ||
| 999 | |c 446621 |d 446619 | ||
| 020 | |a 968-16-6085-4 | ||
| 040 | |c Pontificia Universidad Católica de Valparaíso | ||
| 082 | |2 22 |a 342.98029 AGU 2000 | ||
| 100 | |a Aguilar Rivera, José Antonio |9 895557 |e autor | ||
| 245 | |a En pos de la quimera. |b Reflexiones sobre el experimento constitucional atlántico. | ||
| 250 | |a Primera edición. | ||
| 260 | |a México, D.F., México: |b Centro de Investigación y Docencia Económicas (CIDE); |b Fondo de Cultura Económica, |c 2000. | ||
| 300 | |a 224 páginas. | ||
| 490 | |a Sección de Obras de Historia. | ||
| 583 | |k Yessy Díaz Vidal |c 20250120 | ||
| 651 | 0 | |9 255027 |a América Latina |x Constitucionalismo |v Filosofía política | |
| 651 | 0 | |9 255269 |a México |x Historia constitucional |y Siglo 19 | |
| 942 | |2 ddc |c BK | ||
| 952 | |0 0 |1 0 |2 ddc |4 0 |6 342_980290000000000_AGU_2000 |7 0 |8 A |9 599558 |a BIBHIS |b BIBHIS |d 2025-01-20 |e 3 |g 15814.00 |i 5664543 |o 342.98029 AGU 2000 |p 5664543 |r 2025-01-20 |t 1 |v 15814.00 |w 2025-01-20 |y BK |k HIS | ||